01165nas a2200277Ia 4500001001400000003001000014008004100024040002500065041001300090100002200103210001100125222001100136245007800147250001100225260000900236501012300245300001300368362001800381500023800399650001900637700001100656942000700667957000600674999003300680952017400713dp5/17-39756 IT-MiCISF161014c99999999xx |||||||||||| ||und|| aIT-MiCISFcIT-MiCISF aITALIANO aRatzinger Joseph  aAdista aAdista 0aMaschio e femmina, uguali ma diversi nel mondo. Quasi uguali nella chiesa a1a ed. c2004 bCISF - Centro Internazionale Studi Famiglia - Via Giotto, 36 20145 MILANO (non commercial uses only)cCopyright 2016 app. 1-15 a n. 60 [2004] a Tema: donna, chiesa, società . Scaraffia L., Dominijanni I., Merlo F., Muraro L., Rossanda R.-Contiene i testo della "Lettera ai vescovi della chiesa cattolica sulla collaborazione dell'uomo e della donna nella chiesa e nel mondo" aDONNAvdossier aAA.VV. cCR 71 a39756bSig1c221004d221004 0010406DP_5_000000000000000_173975671aCISFbCISFd2016-10-14l0odp5/17-39756 r2016-10-14 00:00:00w2016-10-14yCRzData import 15.10.2016 / by Epidotti, Vaglietti